| 000 | 00382nam a22001217a 4500 | ||
|---|---|---|---|
| 008 | 140116b xxu||||| |||| 00| 0 eng d | ||
| 010 | _a97-15254 | ||
| 020 |
_a0849384834 _cAvailable |
||
| 082 |
_a658.575MAG _b002543 |
||
| 100 | _gHB,306p | ||
| 245 |
_aIntegrated Product and Process Design and Development The Product Realization Process _cMagrab Edward B |
||
| 260 |
_aUSA _bCRC Press _c1997 |
||
| 999 |
_c23781 _d23781 |
||